| 000 | 01199cam a2200349 a 4500 | ||
|---|---|---|---|
| 001 | 16180196 | ||
| 003 | OSt | ||
| 005 | 20170105102901.0 | ||
| 008 | 100409s2011 enka b 001 0 eng | ||
| 010 | _a 2010014140 | ||
| 020 | _a9780415467476 (hardback : alk. paper) | ||
| 020 | _a9780415567664 (pbk. : alk. paper) | ||
| 040 |
_aDLC _cDLC _dDLC |
||
| 042 | _apcc | ||
| 043 | _aa-ii--- | ||
| 050 | 0 | 0 |
_aPR9489.6 _b.I538 2011 |
| 082 | 0 | 0 |
_a820.935854 _222 _bIND 2011 |
| 245 | 0 | 4 |
_aThe Indian postcolonial : _ba critical reader / _cedited by Elleke Boehmer and Rosinka Chaudhuri. |
| 250 | _a1st ed. | ||
| 260 |
_aMilton Park, Abingdon, Oxon ; _aNew York : _bRoutledge, _c2011. |
||
| 300 |
_axviii, 366 p. : _bill. ; _c24 cm. |
||
| 504 | _aIncludes bibliographical references and index. | ||
| 650 | 0 |
_aIndic literature (English) _y20th century _xHistory and criticism. |
|
| 650 | 0 | _aPostcolonialism in literature. | |
| 650 | 0 |
_aPostcolonialism _zIndia. |
|
| 650 | 0 |
_aNationalism _zIndia. |
|
| 700 | 1 | _aChaudhuri, Rosinka. | |
| 700 | 1 |
_aBoehmer, Elleke, _d1961- |
|
| 906 |
_a7 _bcbc _corignew _d1 _eecip _f20 _gy-gencatlg |
||
| 942 |
_2ddc _cBK |
||
| 999 |
_c14633 _d14633 |
||